00421nam a2200133 a 4500008004100000050001300041100002500054245008300079260004000162300001500202350000900217490003400226700002700260081113s2007 ||||||||||||||||| || u aIBRD(08) aVermeersch, Christel10aMore time is better: an evaluation of the full time school program in Uruguary aWashington, D. C.bWorld Bankc2007 a24p. :ill. a0.00 aPolicy Research Working Paper aCerdan-Infantes, Pedro